000 00521nam a2200193Ia 4500
005 20250326142247.0
008 250326s9999 xx 000 0 und d
020 _a81-7023-171-x
037 _aTextbook
040 _aFMSL
_beng
_cFMSL
041 _aeng
_2eng
084 _aX:74 N4
_qFMSL
100 _aMathias T A
_9745824
245 0 _aCorporate ethics
_cMathias T A
260 _aNew Delhi
_bNew Delhi, Allied Publication
_c1994
300 _a320p
942 _cTB
_hX:74 N4
999 _c1294176
_d1294176